[Event "Frankfurt Ch 2013"]
[Site "Ffm-Kalbach, LAZ"]
[Date "2013.05.13"]
[Round "3.1"]
[White "Khenkin, Igor"]
[Black "Schwenkreis, Thomas"]
[Result "1-0"]
[WhiteElo "2574"]
[BlackElo "2128"]
[PlyCount "79"]
[EventDate "2013.??.??"]
[WhiteTeam "Wiesbadener SV 1885"]
[BlackTeam "SC Brett vor'm Kopp Ffm"]

1. d4 Nf6 2. c4 g6 3. Nc3 Bg7 4. e4 d6 5. f3 O-O 6. Be3 e5 7. d5 Ne8 8. Qd2 f5
9. O-O-O Nd7 10. Nge2 a6 11. Kb1 Nc5 12. Nc1 fxe4 13. Bxc5 dxc5 14. Nxe4 Bf5
15. Bd3 Bxe4 16. Bxe4 Nd6 17. h4 Rf4 18. h5 Nxe4 19. fxe4 Qf6 20. Qe3 gxh5 21.
Nd3 Rg4 22. Nxc5 Qb6 23. Rd3 Rxg2 24. Rb3 Bh6 25. Qh3 Qg6 26. Qe6+ Kh8 27. Qxg6
hxg6 28. Rxb7 Be3 29. Ne6 Rc8 30. c5 Kg8 31. a3 Kf7 32. Nxc7 Bxc5 33. Ne6+ Kf6
34. Rh3 Rf2 35. Rc3 h4 36. Nxc5 Rxc5 37. Rxc5 h3 38. Rh7 h2 39. Ka2 Kg5 40. d6
1-0

[Event "Frankfurt Ch 2013"]
[Site "Ffm-Kalbach, LAZ"]
[Date "2013.05.13"]
[Round "3.2"]
[White "Sachse, Günter"]
[Black "Milov, Leonid"]
[Result "0-1"]
[WhiteElo "2058"]
[BlackElo "2538"]
[PlyCount "82"]
[EventDate "2013.??.??"]
[WhiteTeam "SK Langen"]
[BlackTeam "SC NT Nürnberg 1873"]

1. e4 c5 2. Nc3 Nc6 3. g4 d6 4. Bg2 e5 5. d3 Be6 6. Be3 Qd7 7. h3 Nge7 8. Nge2
Ng6 9. Rg1 h5 10. f3 Be7 11. Ng3 Bh4 12. Nce2 Nf4 13. Bf2 hxg4 14. hxg4 Nxg2+
15. Rxg2 Bg5 16. c4 g6 17. Nc3 Nd4 18. Bxd4 cxd4 19. Nd5 O-O-O 20. Qe2 Kb8 21.
Kd1 Bxd5 22. exd5 Bf4 23. Nf1 Rh1 24. b3 Qc7 25. Qe1 Rh3 26. Rf2 Be3 27. Nxe3
dxe3 28. Rf1 Qc5 29. Rc1 Rh2 30. Rc2 Rdh8 31. Re2 Qd4 32. Kc2 f5 33. gxf5 gxf5
34. Rg1 Rf2 35. Rg2 Rxf3 36. Qg1 a6 37. b4 e4 38. Qd1 Rfh3 39. dxe4 Qxc4+ 40.
Kb1 Rh1 41. Re1 Qxb4+ 0-1

[Event "Frankfurt Ch 2013"]
[Site "Ffm-Kalbach, LAZ"]
[Date "2013.05.13"]
[Round "3.3"]
[White "Holzschuh, Gerald"]
[Black "Legde, Georg"]
[Result "0-1"]
[WhiteElo "2008"]
[BlackElo "2286"]
[PlyCount "60"]
[EventDate "2013.??.??"]
[WhiteTeam "SC Bad Nauheim"]
[BlackTeam "SK 1858 Gießen"]

1. e4 c5 2. c3 d5 3. exd5 Qxd5 4. d4 Nf6 5. Nf3 e6 6. Bd3 cxd4 7. cxd4 Nc6 8.
O-O Be7 9. Nc3 Qd6 10. h3 O-O 11. a3 b6 12. Be3 Bb7 13. Rc1 Rac8 14. Qe2 Rfd8
15. Rcd1 Qb8 16. Bg5 Nxd4 17. Nxd4 Rxd4 18. Bxh7+ Nxh7 19. Bxe7 Rxd1 20. Rxd1
Bxg2 21. Kxg2 Qb7+ 22. Nd5 exd5 23. Bh4 Nf8 24. Qf3 Ne6 25. Kg1 Rc4 26. Bg3 Re4
27. Qh5 d4 28. f3 Re3 29. Kf2 Ng5 30. Kg2 Nxf3 0-1

[Event "Frankfurt Ch 2013"]
[Site "Ffm-Kalbach, LAZ"]
[Date "2013.05.13"]
[Round "3.4"]
[White "Isserman, Ryhor"]
[Black "Kuban, Günther"]
[Result "1-0"]
[WhiteElo "2258"]
[BlackElo "2003"]
[PlyCount "93"]
[EventDate "2013.??.??"]
[WhiteTeam "SK Bad Homburg 1927"]
[BlackTeam "SV Oberursel"]

1. e4 a6 2. d4 e6 3. Bd3 c5 4. Nf3 cxd4 5. Nxd4 Nc6 6. Nxc6 dxc6 7. O-O Bc5 8.
Nd2 Ne7 9. Qh5 e5 10. Qxe5 Bd4 11. Qh5 g6 12. Qe2 h5 13. Kh1 Bg4 14. f3 Be6 15.
Nb3 Ba7 16. Bc4 Bxc4 17. Qxc4 Qc7 18. Bg5 h4 19. Rad1 Rh5 20. f4 h3 21. g3 b5
22. Qc3 c5 23. Qf3 Rd8 24. Rxd8+ Qxd8 25. Rd1 Qb6 26. Qd3 f6 27. Qd7+ Kf7 28.
Rd6 Qxd6 29. Qxd6 fxg5 30. Qxa6 c4 31. Qxa7 cxb3 32. axb3 gxf4 33. gxf4 Rh4 34.
Qf2 Rg4 35. Qf3 Rg2 36. Qxh3 Rxc2 37. Qd3 Rc5 38. Kg2 Ke6 39. h4 Nc6 40. e5 Rd5
41. Qxg6+ Kd7 42. Qf7+ Ne7 43. h5 Rd2+ 44. Kg3 Rd3+ 45. Kg4 Rd1 46. h6 Rg1+ 47.
Kf3 1-0

[Event "Frankfurt Ch 2013"]
[Site "Ffm-Kalbach, LAZ"]
[Date "2013.05.13"]
[Round "3.5"]
[White "Uwira, Oliver"]
[Black "Tierling, Detlef"]
[Result "1-0"]
[WhiteElo "2201"]
[BlackElo "1941"]
[PlyCount "59"]
[EventDate "2013.??.??"]
[WhiteTeam "SC 1961 König Nied"]
[BlackTeam "SC Groß-Umstadt"]

1. d4 Nf6 2. c4 g6 3. Nc3 Bg7 4. e4 d6 5. f3 O-O 6. Be3 Nfd7 7. Qd2 c5 8. d5
Ne5 9. h4 Na6 10. h5 Qe8 11. hxg6 fxg6 12. O-O-O Rf7 13. Nh3 Bxh3 14. Rxh3 Nc7
15. Be2 b5 16. cxb5 c4 17. a4 Qc8 18. Rdh1 h5 19. f4 Ng4 20. Bxg4 Qxg4 21. Rh4
Qd7 22. g4 hxg4 23. Bd4 Bxd4 24. Qxd4 Rg7 25. e5 Rf8 26. exd6 Ne8 27. dxe7 Qxe7
28. d6 Qe6 29. d7 Qxd7 30. Rh8+ 1-0

[Event "Frankfurt Ch 2013"]
[Site "Ffm-Kalbach, LAZ"]
[Date "2013.05.13"]
[Round "3.6"]
[White "Rolf, Marco"]
[Black "Orwatsch, Gerhard"]
[Result "1/2-1/2"]
[WhiteElo "1819"]
[BlackElo "1969"]
[PlyCount "67"]
[EventDate "2013.??.??"]
[WhiteTeam "SK Bad Homburg 1927"]
[BlackTeam "SC Butzbach 2000"]

1. d4 c5 2. d5 Nf6 3. c4 d6 4. e4 Nxe4 5. Bd3 Nf6 6. Nf3 g6 7. O-O Bg7 8. Re1
O-O 9. Nc3 Re8 10. h3 Nbd7 11. Bf4 Nf8 12. Qc2 a6 13. g4 b6 14. Rab1 Bb7 15. b4
e5 16. Be3 Ra7 17. bxc5 bxc5 18. g5 Nh5 19. Ne4 Qd7 20. Bf1 Bc8 21. Rb6 Nf4 22.
Bxf4 exf4 23. Rxd6 Qe7 24. Nf6+ Bxf6 25. Rxe7 Bxe7 26. Rb6 Bd8 27. Rb2 Bf5 28.
Qd2 Bc7 29. h4 Bd6 30. Qa5 Nd7 31. Re2 Rb8 32. Bg2 Bd3 33. Re1 Bxc4 34. Qa4
1/2-1/2

[Event "Frankfurt Ch 2013"]
[Site "Ffm-Kalbach, LAZ"]
[Date "2013.05.13"]
[Round "3.7"]
[White "Biegel, Thomas"]
[Black "Solonar, Stefan"]
[Result "1/2-1/2"]
[WhiteElo "2018"]
[BlackElo "2290"]
[PlyCount "57"]
[EventDate "2013.??.??"]
[WhiteTeam "SC Steinbach"]
[BlackTeam "SC Heusenstamm"]

1. d4 Nf6 2. Nf3 d6 3. c4 g6 4. g3 Bg7 5. Bg2 O-O 6. O-O Nbd7 7. Nc3 e5 8. e4
c6 9. h3 Qa5 10. Re1 exd4 11. Nxd4 Ne5 12. Bf1 Be6 13. Nxe6 fxe6 14. Kg2 Rad8
15. Qb3 Qc7 16. Be3 c5 17. Rad1 a6 18. Bg5 Nf3 19. Kxf3 Nxe4+ 20. Kxe4 d5+ 21.
Kd3 dxc4+ 22. Kxc4 b5+ 23. Nxb5 axb5+ 24. Qxb5 Rb8 25. Rd7 Qc8 26. Rxg7+ Kxg7
27. Qxc5 Qxc5+ 28. Kxc5 Rf5+ 29. Kc4 1/2-1/2

[Event "Frankfurt Ch 2013"]
[Site "Ffm-Kalbach, LAZ"]
[Date "2013.05.13"]
[Round "3.8"]
[White "Mager, Denis"]
[Black "Stockmann, Michael"]
[Result "1/2-1/2"]
[WhiteElo "1991"]
[BlackElo "2256"]
[PlyCount "100"]
[EventDate "2013.??.??"]
[WhiteTeam "TuS Makkabi Ffm"]
[BlackTeam "Sfr. Schöneck"]

1. d4 e6 2. c4 Nf6 3. Nf3 b6 4. e3 Bb7 5. Bd3 c5 6. O-O Na6 7. Nbd2 Be7 8. b3
cxd4 9. exd4 O-O 10. Qe2 Nb4 11. Bb1 Rc8 12. Bb2 Re8 13. a3 Nc6 14. Ne5 d6 15.
Nxc6 Rxc6 16. Bd3 Rc7 17. b4 Qa8 18. f3 Nd7 19. Rac1 Bf6 20. Ne4 Bxe4 21. fxe4
e5 22. d5 a5 23. Rc2 axb4 24. axb4 Ra7 25. Bc1 Ra4 26. Qg4 Qb7 27. Rb2 Ra1 28.
Rbf2 Kh8 29. Qh3 Nf8 30. g4 Qe7 31. Kh1 Kg8 32. Qe3 h6 33. Qxb6 Ng6 34. c5 Qd7
35. h3 Nf4 36. Bb5 Qc8 37. Bxe8 Qxe8 38. Qc6 Qb8 39. Bxf4 exf4 40. Rxa1 Bxa1
41. Ra2 Qxb4 42. Qc8+ Kh7 43. Qf5+ g6 44. Qxf7+ Bg7 45. Rf2 Qxe4+ 46. Kh2 Kh8
47. Qe6 Be5 48. Qe8+ Kg7 49. Qe7+ Kg8 50. Qe8+ Kg7 1/2-1/2

[Event "Frankfurt Ch 2013"]
[Site "Ffm-Kalbach, LAZ"]
[Date "2013.05.13"]
[Round "3.9"]
[White "Rolle, Eric"]
[Black "Schmitt, Roland"]
[Result "1-0"]
[WhiteElo "2187"]
[BlackElo "1934"]
[PlyCount "55"]
[EventDate "2013.??.??"]
[WhiteTeam "SK Marburg 1931/72"]
[BlackTeam "SK Großsachsen"]

1. c4 Nf6 2. Nc3 d5 3. cxd5 Nxd5 4. g3 g6 5. Bg2 Nb6 6. Nf3 Bg7 7. d3 O-O 8. h4
Nc6 9. h5 Bf5 10. hxg6 Bxg6 11. Bh6 Nd5 12. Bxg7 Kxg7 13. Qb3 Nf6 14. Qxb7 Qd6
15. Qa6 Rab8 16. b3 Rb6 17. Qa4 Rb4 18. Qa3 Rd8 19. Rd1 Bh5 20. Qc1 h6 21. Ne4
Nxe4 22. Rxh5 Qg6 23. dxe4 Rxd1+ 24. Kxd1 Qxh5 25. Qxc6 Qa5 26. Qc3+ Kg8 27.
Nd4 c5 28. Nc6 1-0

[Event "Frankfurt Ch 2013"]
[Site "Ffm-Kalbach, LAZ"]
[Date "2013.05.13"]
[Round "3.10"]
[White "Gutacker, Stephan"]
[Black "Kayser, Felix"]
[Result "0-1"]
[WhiteElo "1873"]
[BlackElo "2158"]
[PlyCount "86"]
[EventDate "2013.??.??"]
[WhiteTeam "Sfr.1932 Kelkheim"]
[BlackTeam "Wiesbadener SV 1885"]

1. e4 c5 2. c3 g6 3. d4 cxd4 4. cxd4 d5 5. e5 Bg7 6. Nf3 Nc6 7. Nc3 Bg4 8. Be2
e6 9. O-O Nge7 10. Be3 O-O 11. Ne1 Bxe2 12. Qxe2 Nf5 13. Nf3 Rc8 14. Rac1 Qa5
15. Rfd1 a6 16. g4 Nxe3 17. Qxe3 b5 18. a3 Qb6 19. Ne2 Na5 20. b3 Qb7 21. Rd3
b4 22. axb4 Qxb4 23. Rdc3 Rxc3 24. Rxc3 Qb7 25. Nc1 Rc8 26. Rxc8+ Qxc8 27. Qd2
Qc7 28. Qb2 Bh6 29. g5 Bf8 30. Nd3 Qb6 31. Nd2 Nc6 32. Nf3 a5 33. Qc3 Kg7 34.
Kg2 Ba3 35. h4 Ne7 36. Nf4 Bb4 37. Qc2 Qc6 38. Qe2 Nf5 39. h5 Be7 40. h6+ Kg8
41. Qd2 Bb4 42. Qd3 Qc3 43. Kf1 Qc1+ 0-1

[Event "Frankfurt Ch 2013"]
[Site "Ffm-Kalbach, LAZ"]
[Date "2013.05.13"]
[Round "3.11"]
[White "Makilla, Tobias"]
[Black "Chandler, Patrick"]
[Result "0-1"]
[WhiteElo "1807"]
[BlackElo "2145"]
[PlyCount "123"]
[EventDate "2013.??.??"]
[WhiteTeam "Sfr.1932 Kelkheim"]
[BlackTeam "Sfr. Schöneck"]

1. e4 d5 2. exd5 Qxd5 3. Nc3 Qd6 4. d4 Nf6 5. Nf3 c6 6. Ne5 Nbd7 7. f4 Nb6 8.
g4 Nbd5 9. Nxd5 Qxd5 10. Rg1 Qe4+ 11. Be2 h5 12. g5 Ng4 13. Nf3 Ne3 14. Bd3 Qe6
15. f5 Nxf5+ 16. Qe2 Qxe2+ 17. Bxe2 g6 18. Bf4 Bg7 19. O-O-O Be6 20. Kb1 Rd8
21. c3 O-O 22. Ne5 Nd6 23. Rde1 Bf5+ 24. Kc1 Rc8 25. Nf3 Be6 26. Bd3 Rfe8 27.
Bxg6 Bg4 28. Bxd6 exd6 29. Be4 d5 30. h3 dxe4 31. hxg4 exf3 32. Ref1 hxg4 33.
Rxg4 Re3 34. Rg3 Rce8 35. Rgxf3 Rxf3 36. Rxf3 Re1+ 37. Kc2 Rg1 38. Rf5 Kf8 39.
d5 cxd5 40. Rxd5 Ke7 41. Rc5 Kd6 42. Rf5 Ke6 43. Rc5 Be5 44. Ra5 a6 45. Ra3
Rg2+ 46. Kb1 Kd7 47. Ra5 Rxg5 48. Kc2 Kc6 49. b4 Rg2+ 50. Kb3 f6 51. c4 b6 52.
Rxa6 Kb7 53. b5 Bd4 54. a4 Rg3+ 55. Ka2 Bc5 56. Kb2 Ra3 57. Kc2 f5 58. Kd2 f4
59. a5 Rxa5 60. Ke2 Rxa6 61. bxa6+ Kxa6 62. Kf3 0-1

[Event "Frankfurt Ch 2013"]
[Site "Ffm-Kalbach, LAZ"]
[Date "2013.05.13"]
[Round "3.12"]
[White "Kuhn, Gerhard"]
[Black "Holvason, Juri"]
[Result "0-1"]
[WhiteElo "1943"]
[BlackElo "2200"]
[PlyCount "54"]
[EventDate "2013.??.??"]
[WhiteTeam "SK Marburg 1931/72"]
[BlackTeam "SC Brett vor'm Kopp Ffm"]

1. e4 c5 2. c3 Nf6 3. e5 Nd5 4. d4 cxd4 5. cxd4 d6 6. Nf3 e6 7. a3 Nc6 8. Bd3
Be7 9. O-O O-O 10. Qe2 f5 11. exf6 Bxf6 12. Nc3 Nc7 13. Rd1 g6 14. Bh6 Rf7 15.
Qc2 Nxd4 16. Nxd4 Bxd4 17. Bxg6 Rxf2 18. Bxh7+ Kh8 19. Rxd4 Rxc2 20. Bxc2 e5
21. Rd2 Be6 22. Ne4 Nb5 23. Bd3 Nd4 24. Bg5 Qb6 25. Bf6+ Kg8 26. Kh1 Nb3 27.
Re2 Nxa1 0-1

[Event "Frankfurt Ch 2013"]
[Site "Ffm-Kalbach, LAZ"]
[Date "2013.05.13"]
[Round "3.13"]
[White "Hristovski, Srdzan"]
[Black "Hierling, Stefan"]
[Result "1-0"]
[WhiteElo "2136"]
[BlackElo "1940"]
[PlyCount "132"]
[EventDate "2013.??.??"]
[WhiteTeam "Kumanovo"]
[BlackTeam "VSG 1880 Offenbach"]

1. d4 d5 2. c4 c6 3. Nc3 Nf6 4. Nf3 g6 5. g3 Bg7 6. Bg2 O-O 7. O-O Re8 8. Ne5
dxc4 9. Nxc4 Nd5 10. e4 Nxc3 11. bxc3 c5 12. Be3 cxd4 13. cxd4 Nc6 14. e5 Na5
15. Rc1 Rb8 16. Qa4 Nxc4 17. Rxc4 a6 18. Qc2 Be6 19. Rc5 b5 20. Rc1 Bc4 21. a4
Be6 22. axb5 axb5 23. Bc6 Rf8 24. Bxb5 Bf5 25. Bd3 Bxd3 26. Qxd3 e6 27. Qc4 h6
28. Rc6 Qa5 29. Rc7 Rbd8 30. Rb1 Qa8 31. Rbb7 Rb8 32. Qb3 Rxb7 33. Rxb7 Rc8 34.
h4 Rd8 35. Kh2 Qa6 36. Rb8 Rc8 37. Rb7 Qc6 38. Rb6 Qa8 39. Rb7 Qa6 40. Kg1 Qc6
41. Rb6 Qf3 42. Qa2 Ra8 43. Qb1 Kh7 44. Rb3 Qd5 45. h5 Ra1 46. hxg6+ fxg6 47.
Qxa1 Qxb3 48. Qa7 Qb1+ 49. Kh2 Qf5 50. Qe7 g5 51. Qb7 Kg6 52. Qc6 Kh5 53. Qe8+
Kg4 54. Kg2 Qf3+ 55. Kg1 Qf5 56. Qc6 Kh3 57. Qb7 h5 58. Qh1+ Kg4 59. Kh2 h4 60.
Qd1+ Qf3 61. Qxf3+ Kxf3 62. gxh4 g4 63. Kg1 g3 64. h5 gxf2+ 65. Bxf2 Kg4 66. d5
exd5 1-0

[Event "Frankfurt Ch 2013"]
[Site "Ffm-Kalbach, LAZ"]
[Date "2013.05.13"]
[Round "3.14"]
[White "Roggensack, Hans Peter"]
[Black "Kaliski, Erwin"]
[Result "1/2-1/2"]
[WhiteElo "1924"]
[BlackElo "2106"]
[PlyCount "75"]
[EventDate "2013.??.??"]
[WhiteTeam "Sfr. Frankfurt 1921"]
[BlackTeam "SC Bad Nauheim"]

1. e4 e6 2. Qe2 Be7 3. g3 d5 4. d3 f5 5. Bg2 Nf6 6. e5 Nfd7 7. h4 c5 8. Nh3 Nc6
9. f4 b5 10. c3 Bb7 11. Na3 b4 12. Nc2 Qa5 13. Bd2 O-O 14. Ng5 Bxg5 15. hxg5 g6
16. cxb4 Qb6 17. O-O cxb4+ 18. Qf2 Qb5 19. Nd4 Nxd4 20. Qxd4 a5 21. Rfc1 Rfc8
22. Be3 Ba6 23. Bf1 Kf7 24. Be2 a4 25. b3 Rxc1+ 26. Rxc1 Rc8 27. Rxc8 Bxc8 28.
Bd2 axb3 29. axb3 Qc5 30. Qxc5 Nxc5 31. Bxb4 Nxb3 32. Bd1 Nc1 33. d4 Ba6 34.
Ba3 Na2 35. Bb2 Bb5 36. Kf2 Ke8 37. g4 Nb4 38. Ke3 1/2-1/2

[Event "Frankfurt Ch 2013"]
[Site "Ffm-Kalbach, LAZ"]
[Date "2013.05.13"]
[Round "3.15"]
[White "Koch, Markus"]
[Black "Zimpfer, Andreas"]
[Result "0-1"]
[WhiteElo "2105"]
[BlackElo "1837"]
[PlyCount "122"]
[EventDate "2013.??.??"]
[WhiteTeam "SC Brett vor'm Kopp Ffm"]
[BlackTeam "SC Butzbach 2000"]

1. d4 d5 2. c4 e6 3. Nc3 Nf6 4. cxd5 exd5 5. Bg5 Nbd7 6. e3 c6 7. Bd3 Be7 8.
Qc2 O-O 9. Nge2 Re8 10. O-O Nf8 11. f3 Nh5 12. Bxe7 Qxe7 13. e4 dxe4 14. fxe4
Qg5 15. e5 Bg4 16. Kh1 Rad8 17. Rae1 Ng6 18. Bf5 Nhf4 19. Bxg4 Qxg4 20. Nxf4
Nxf4 21. Re4 g5 22. g3 Qh3 23. Qf2 Ne6 24. Qxf7+ Kh8 25. Qf6+ Kg8 26. Qf5 Qxf5
27. Rxf5 Rf8 28. g4 Rxf5 29. gxf5 Nxd4 30. f6 Kf7 31. h4 Nf3 32. hxg5 Nxg5 33.
Rb4 b5 34. Ne4 Nf3 35. Nd6+ Ke6 36. Rf4 Nxe5 37. Ne4 Rg8 38. f7 Nxf7 39. Rf6+
Ke7 40. Rxc6 Ne5 41. Rc3 Rg4 42. Re3 Nc4 43. Re2 Kd8 44. Kh2 Kc7 45. Nc3 Kc6
46. Re6+ Kc5 47. b3 Nb6 48. Re7 Kb4 49. Rc7 a5 50. Nb1 h5 51. Rc3 a4 52. a3+
Ka5 53. b4+ Ka6 54. Rc6 Rc4 55. Rd6 Kb7 56. Rd3 Rc2+ 57. Kh3 Nc4 58. Nc3 Kc6
59. Kh4 Rb2 60. Rf3 Nxa3 61. Nxa4 Rxb4+ 0-1

[Event "Frankfurt Ch 2013"]
[Site "Ffm-Kalbach, LAZ"]
[Date "2013.05.13"]
[Round "3.16"]
[White "Zimmer, Gerald"]
[Black "Maier, Martin"]
[Result "1/2-1/2"]
[WhiteElo "1882"]
[BlackElo "2046"]
[PlyCount "65"]
[EventDate "2013.??.??"]
[WhiteTeam "SC Bergen-Enkheim 1922"]
[BlackTeam "SK Salzgitter-Bad"]

1. d4 d6 2. Nf3 g6 3. g3 Bg7 4. Bg2 c6 5. c4 Qc7 6. Nc3 Nf6 7. O-O O-O 8. b4 e5
9. dxe5 dxe5 10. Bb2 Be6 11. Nd2 Rd8 12. Qc2 Bf5 13. e4 Be6 14. Rfd1 Nbd7 15.
Bf1 Nf8 16. Na4 b6 17. Nf3 Ne8 18. Ng5 h6 19. Nf3 Bg4 20. Be2 Bxf3 21. Bxf3 Ne6
22. Bg4 Rxd1+ 23. Rxd1 Rd8 24. Bxe6 fxe6 25. Bc3 Rxd1+ 26. Qxd1 Nd6 27. Qg4 Kf7
28. Nb2 Qd8 29. Qf3+ Ke7 30. Qg4 Kf7 31. Qd1 Ke7 32. Qd3 Qc7 33. Qf3 1/2-1/2

[Event "Frankfurt Ch 2013"]
[Site "Ffm-Kalbach, LAZ"]
[Date "2013.05.13"]
[Round "3.17"]
[White "Fußnecker, Manfred"]
[Black "Duchrow, Oliver"]
[Result "1-0"]
[WhiteElo "1868"]
[BlackElo "2023"]
[PlyCount "51"]
[EventDate "2013.??.??"]
[WhiteTeam "Sfr. Frankfurt 1921"]
[BlackTeam "SV Sangerhausen"]

1. e4 d6 2. d4 Nf6 3. Nc3 Nbd7 4. f4 e5 5. Nf3 exd4 6. Nxd4 g6 7. Be2 Bg7 8.
O-O O-O 9. f5 Nc5 10. Bf3 Qe8 11. Re1 Qe5 12. Nde2 Ncxe4 13. fxg6 fxg6 14. Nf4
Nxc3 15. bxc3 Qxc3 16. Rb1 c6 17. Rb3 Qc5+ 18. Kh1 Re8 19. Rxe8+ Nxe8 20. Qe1
Nc7 21. Re3 Bf5 22. Ba3 Qc4 23. Bxd6 Qf7 24. Re7 Re8 25. Nd5 Nxd5 26. Rxe8+ 1-0

[Event "Frankfurt Ch 2013"]
[Site "Ffm-Kalbach, LAZ"]
[Date "2013.05.13"]
[Round "3.18"]
[White "Lebermann, Hellmuth"]
[Black "Ortinau, Peter"]
[Result "1/2-1/2"]
[WhiteElo "1858"]
[BlackElo "2022"]
[PlyCount "51"]
[EventDate "2013.??.??"]
[WhiteTeam "SK Bad Homburg 1927"]
[BlackTeam "SC Pirmasens 1912"]

1. Nf3 d5 2. g3 Nf6 3. Bg2 c5 4. O-O Nc6 5. d4 e6 6. c3 Bd6 7. h3 O-O 8. Be3 b6
9. Nbd2 h6 10. Nb3 c4 11. Nbd2 Bd7 12. b3 b5 13. a4 a6 14. b4 Qc7 15. Qc2 Rfe8
16. Rfb1 Ne7 17. axb5 axb5 18. Nf1 Ne4 19. Bc1 Bc6 20. Qb2 Ng6 21. N3d2 f5 22.
Rxa8 Rxa8 23. Ra1 Qb8 24. Rxa8 Qxa8 25. Nxe4 fxe4 26. Qa3 1/2-1/2

[Event "Frankfurt Ch 2013"]
[Site "Ffm-Kalbach, LAZ"]
[Date "2013.05.21"]
[Round "3.19"]
[White "Goldt, Rainer"]
[Black "Sandten, Ulrich"]
[Result "1/2-1/2"]
[WhiteElo "1818"]
[BlackElo "2024"]
[PlyCount "46"]
[EventDate "2013.??.??"]
[WhiteTeam "Kreuznacher SV 1921"]
[BlackTeam "SF Vonkeln 1931"]

1. e4 c6 2. d4 d5 3. e5 c5 4. dxc5 e6 5. Be3 Nh6 6. Bd3 Qc7 7. Nf3 Bxc5 8. Bxc5
Qxc5 9. Nc3 Nc6 10. O-O O-O 11. a3 Bd7 12. Re1 f6 13. Qd2 fxe5 (13... Nxe5 $5)
14. b4 Qd6 15. b5 Rxf3 16. bxc6 Rxd3 17. cxd3 Bxc6 18. Qe2 Nf7 19. Qg4 Rf8 20.
Qg3 Qc5 21. Rec1 Qd4 22. Ne2 Qa4 23. d4 Qa6  1/2-1/2

[Event "Frankfurt Ch 2013"]
[Site "Ffm-Kalbach, LAZ"]
[Date "2013.05.13"]
[Round "3.20"]
[White "Larem, Peter"]
[Black "Calvi, Stefan"]
[Result "0-1"]
[WhiteElo "1826"]
[BlackElo "2014"]
[PlyCount "52"]
[EventDate "2013.??.??"]
[WhiteTeam "SSG Rödermark/Eppertshausen"]
[BlackTeam "Sfr. Frankfurt 1921"]

1. e4 c5 2. c3 Nf6 3. e5 Nd5 4. d4 cxd4 5. Nf3 e6 6. cxd4 d6 7. Bc4 Nb6 8. Bb3
Nc6 9. O-O Qc7 10. Nc3 a6 11. Be3 Na5 12. Rc1 Nbc4 13. Bxc4 Nxc4 14. Ne4 d5 15.
b3 Nxe3 16. Rxc7 Nxd1 17. Nd6+ Bxd6 18. exd6 Nb2 19. Rfc1 O-O 20. Re7 Nd3 21.
Rcc7 a5 22. Ng5 Nf4 23. Nxf7 Nh5 24. g4 Nf6 25. Ne5 Ne8 26. d7 Nxc7 0-1

[Event "Frankfurt Ch 2013"]
[Site "Ffm-Kalbach, LAZ"]
[Date "2013.05.13"]
[Round "3.21"]
[White "Hilbenz, Guntram"]
[Black "Czech, Ludwig"]
[Result "1-0"]
[WhiteElo "1824"]
[BlackElo "1979"]
[PlyCount "135"]
[EventDate "2013.??.??"]
[WhiteTeam "SC Bad Nauheim"]
[BlackTeam "VSG 1880 Offenbach"]

1. c4 f5 2. Nf3 Nf6 3. g3 g6 4. Bg2 Bg7 5. Nc3 d6 6. O-O e5 7. d3 O-O 8. Rb1 a5
9. a3 Nc6 10. b4 axb4 11. axb4 h6 12. b5 Ne7 13. Bb2 Be6 14. Ra1 Qd7 15. Qb3 g5
16. Rxa8 Rxa8 17. Nd2 Rb8 18. Ra1 Qc8 19. Ra7 Nd7 20. Nd5 Nxd5 21. Bxd5 Bxd5
22. cxd5 Ra8 23. Qa2 Rxa7 24. Qxa7 Qb8 25. b6 cxb6 26. Qxb8+ Nxb8 27. Nc4 Bf8
28. Nxb6 Na6 29. Ba3 Nc7 30. e4 fxe4 31. dxe4 g4 32. h3 h5 33. hxg4 hxg4 34. f3
Nb5 35. Bb2 Bh6 36. Kf2 gxf3 37. Kxf3 Kf7 38. Nc4 Bg5 39. Na5 Bd8 40. Nxb7 Bc7
41. g4 Kg6 42. Kg3 Bb6 43. Bc1 Nc3 44. Kf3 Nb5 45. Ke2 Bc7 46. Kd3 Nd4 47. Be3
Nb5 48. Kc4 Na3+ 49. Kb3 Nb5 50. Kc4 Na3+ 51. Kd3 Nb5 52. Bd2 Nd4 53. Bc1 Kf6
54. Ba3 Nb5 55. Bb4 Kg5 56. Kc4 Nd4 57. Bxd6 Bxd6 58. Nxd6 Kxg4 59. Nb5 Ne2 60.
d6 Nf4 61. d7 Ne6 62. Kd5 Nd8 63. Kxe5 Kg5 64. Nd4 Kg6 65. Ne6 Nf7+ 66. Kd5 Kf6
67. d8=Q+ Nxd8 68. Nxd8 1-0

[Event "Frankfurt Ch 2013"]
[Site "Ffm-Kalbach, LAZ"]
[Date "2013.05.13"]
[Round "3.22"]
[White "Plattner, Rolf"]
[Black "Gräbner, Walter"]
[Result "0-1"]
[WhiteElo "1703"]
[BlackElo "1956"]
[PlyCount "84"]
[EventDate "2013.??.??"]
[WhiteTeam "SK Langen"]
[BlackTeam "SC 1961 König Nied"]

1. d4 Nf6 2. Nf3 c5 3. d5 e6 4. c4 b5 5. dxe6 fxe6 6. e3 bxc4 7. Bxc4 d5 8.
Bb5+ Bd7 9. Qa4 Bd6 10. b4 cxb4 11. a3 Qb6 12. Bxd7+ Nbxd7 13. O-O O-O 14. axb4
Bxb4 15. Ba3 a5 16. Nbd2 Nc5 17. Qd1 Rfc8 18. Bb2 Nfe4 19. Nxe4 Nxe4 20. Bd4
Qc7 21. Ne5 Bd6 22. Qg4 Qe7 23. Rfb1 Nd2 24. Rb7 Rc7 25. Rb6 Nc4 26. Nxc4 Rxc4
27. Rxd6 Rxd4 28. Qxe6+ Qxe6 29. Rxe6 Kf7 30. Rb6 Rd2 31. Kf1 a4 32. Rc1 Ra7
33. Ke1 Ra2 34. Rc5 a3 35. Rxd5 Rb2 36. Rf5+ Ke7 37. Re5+ Kd7 38. Rd5+ Kc8 39.
Rc5+ Rc7 40. Rbc6 Rxc6 41. Rxc6+ Kb7 42. Rc1 a2 0-1

[Event "Frankfurt Ch 2013"]
[Site "Ffm-Kalbach, LAZ"]
[Date "2013.05.13"]
[Round "3.23"]
[White "Telljohann, Sven"]
[Black "Cichon, Jörg"]
[Result "1-0"]
[WhiteElo "2391"]
[BlackElo "1727"]
[PlyCount "59"]
[EventDate "2013.??.??"]
[WhiteTeam "Sfr. Schöneck"]
[BlackTeam "SC Zitadelle Spandau 1977"]

1. c4 Nf6 2. Nf3 g6 3. b4 Bg7 4. Bb2 O-O 5. g3 d6 6. Bg2 e5 7. d3 Nbd7 8. O-O
h5 9. Qc2 c6 10. Nc3 Re8 11. e4 Nf8 12. d4 exd4 13. Nxd4 Qb6 14. a3 d5 15. c5
Qd8 16. exd5 Nxd5 17. Nxd5 cxd5 18. Qb3 Ne6 19. Nb5 d4 20. Rad1 Qd7 21. Qc4 Rd8
22. Rfe1 a6 23. Nd6 Rb8 24. Bh3 b6 25. Nxc8 Rbxc8 26. Rxe6 bxc5 27. bxc5 Rxc5
28. Qxc5 fxe6 29. Qb6 Qd6 30. Bxe6+ 1-0

[Event "Frankfurt Ch 2013"]
[Site "Ffm-Kalbach, LAZ"]
[Date "2013.05.13"]
[Round "3.24"]
[White "Minor, Samuel"]
[Black "Rutsatz, Mario"]
[Result "1-0"]
[WhiteElo "2174"]
[BlackElo "1788"]
[PlyCount "51"]
[EventDate "2013.??.??"]
[WhiteTeam "Wiesbadener SV 1885"]
[BlackTeam "Sfr. Frankfurt 1921"]

1. e4 c5 2. Nf3 d6 3. d4 cxd4 4. Nxd4 Nf6 5. Nc3 a6 6. Be3 e6 7. f3 h5 8. Qd2
Be7 9. O-O-O Qc7 10. Bd3 Nbd7 11. Rhe1 b5 12. Bg5 Bb7 13. a3 O-O-O 14. Ndxb5
axb5 15. Nxb5 Qb6 16. b4 Kb8 17. Be3 Nc5 18. bxc5 dxc5 19. Bf4+ Kc8 20. Bc7
Qxb5 21. Bxd8 Qd7 22. Bxe7 Qxe7 23. Qa5 Nd7 24. Ba6 Nb8 25. Bxb7+ Kxb7 26. Rd3
1-0

[Event "Frankfurt Ch 2013"]
[Site "Ffm-Kalbach, LAZ"]
[Date "2013.05.13"]
[Round "3.25"]
[White "Lieder, Konrad"]
[Black "Cors, Heinz-Friedrich"]
[Result "1-0"]
[WhiteElo "2156"]
[BlackElo "1780"]
[PlyCount "39"]
[EventDate "2013.??.??"]
[WhiteTeam "SV Sangerhausen"]
[BlackTeam "SV SF Darmstadt 1994"]

1. d4 Nf6 2. c4 e6 3. Nc3 Bb4 4. Qc2 O-O 5. e4 d5 6. e5 Ne4 7. a3 Bxc3+ 8. bxc3
c5 9. Bd3 cxd4 10. cxd4 Nc6 11. Ne2 f5 12. O-O Bd7 13. cxd5 exd5 14. Qb3 Be6
15. Qxb7 Na5 16. Qa6 Qb6 17. Qxb6 axb6 18. Rb1 Nc4 19. Bxc4 dxc4 20. f3 1-0